00425 2200157 4500001002100000005001500021035001900036245006400055100001800119300003800137260004600175082000700221084001300228022001200241990001400253INLIS00000000000151520250204110009$a 0010-0225000004$a Para penyebar penyakit di sekeliling kita /$c Bhakti Karyono$a Bhakti Karyono$a 50 hlm : $b ilus ; $c 21 x 27.5 cm$a Jakarta :$b PT Kuark Internasional,$c 2024$a 050$a 050 BHA p$a 16939964$a MK025/2024